[Event "Corus"]
[Site "Wijk aan Zee"]
[Date "2005.01.20"]
[Round "5"]
[White "Sokolov, Ivan"]
[Black "Van Wely, Loek"]
[Result "1/2-1/2"]
[WhiteElo "2685"]
[BlackElo "2679"]
[Annotator "Golod,V"]
[PlyCount "46"]
[EventDate "2005.01.15"]
[EventType "tourn"]
[EventRounds "13"]
[EventCountry "NED"]
[EventCategory "19"]
[SourceTitle "CBM 105"]
[Source "ChessBase"]
[SourceDate "2005.04.11"]
[SourceVersion "1"]
[SourceVersionDate "2005.04.11"]
[SourceQuality "1"]

1. d4 Nf6 2. c4 e6 3. Nc3 Bb4 4. Qc2 d5 5. cxd5 exd5 6. Bg5 h6 7. Bh4 c5 8.
dxc5 g5 $6 {In my opinion it is too risky move.The statistics shows,that here
White has good percents of winning.} (8... Nc6 $5 {It's main line.}) 9. Bg3 Ne4
10. e3 Qa5 11. Nge2 (11. Be5 $143 {See comments to Kasparov,G-Short,N/London,
1993/CBM 36(1/2-1/2)(Ftacnik,L)(18)}) 11... Bf5 ({Nowadays,less popular is:} 
11... Nc6) 12. Bxb8 $5 {Interesting novelty of Alexey Dreev.} ({In the
previous games White preferred other way:} 12. Be5 $5 {You can see annotations
to Atalik,S-Short,N/Sarajevo,2004/CBM 101(1/2-1/2)(Atalik,S;Golod,V)(27)}) ({
On:} 12. Qc1 $6 {you can find three games in Mega DataBase 2005.}) 12... Rxb8
$8 ({Leading to very difficult endgame:} 12... Nxc3 $2 13. Qxf5 Na4+ (13...
Nxa2+ $2 14. Kd1 Qa4+ (14... Nc3+ $143 15. Nxc3 Qxa1+ 16. Kc2 $18 {[%csl Ra1,
Re8,Rh8][%cal Gf1b5,Gf5e5]} O-O $140 17. Bd3) 15. Qc2 Nc3+ 16. Nxc3 Qxa1+ 17.
Kd2 {/\Bb5+(ףa1)} O-O 18. Bd6 Rfe8 19. Qh7+ $1 {Nice tactical way to exchange
queens and to reunite the all pieces.} ({Of course there is nothing bad in
simply:} 19. h4 $5 {with a strong attack.}) 19... Kxh7 20. Bd3+ Kg7 21. Rxa1
$18) (13... Ne4+ $2 14. Kd1 Rxb8 15. Qe5+ Kd7 16. Qxd5+ {פe4 +-}) 14. Kd1
Nxb2+ (14... Rxb8 $2 15. Qe5+ Kd7 16. a3 Bxc5 17. b4 $18) 15. Kc1 (15. Kc2 $144
Qxc5+ {leads to same position.}) 15... Qxc5+ 16. Kxb2 Ba3+ (16... Rxb8 $2 17.
Qe5+ Kd7 18. Rd1 $18) 17. Kb3 Qb4+ 18. Kc2 Qb2+ 19. Kd3 Qb5+ (19... Qxa1 $2 20.
Qe5+ Qxe5 21. Bxe5 $18) 20. Kd2 Qb2+ 21. Qc2 Bb4+ 22. Kd3 Qxa1 23. Qc8+ $1 Ke7
24. Qxb7+ Kf6 25. Qxb4 Rhxb8 (25... Qd1+ $2 26. Qd2 Qb1+ 27. Qc2 Qxc2+ 28. Kxc2
$18) 26. Qd4+ Qxd4+ 27. Nxd4 Rb2 (27... Rb1 $143 28. g3 {/\Bg2}) 28. Be2 Rxa2
29. Rc1 $16) ({Too risky is:} 12... O-O $6 {/\Nxc3 in view of:} 13. Be5 $1 {
The elementary way to get an advantage.} ({Also possible,but less productive
way is:} 13. Nd4 Bg6 14. Bd3 Raxb8 15. O-O $14) 13... Rfe8 14. Bd4 Ng3 15. Qd1
Nxh1 16. a3 $16 {[%csl Ra5,Rb4,Rh1][%cal Gb2b4]}) 13. Nd4 Bd7 $1 {Is
paradoxical,but this logical move is a very important novelty.} (13... Bg6 $143
14. Bb5+ $1 {The key idea behind white's 12-th move.For further details you
can see my comments to game: Dreev,A-Zhang Zhong/Moscow,2004/CBM 103(1-0)(56)})
({Of course not:} 13... Nxc3 $2 {because of:} 14. Qxf5 Ne4+ 15. Kd1 O-O 16. Bd3
$16 {/\h4-> (עg8)}) 14. Nb3 {White had no other alternative,for example:} ({
Absolutely unjustified sacrifice of the pawn:} 14. Rc1 $2 Qxa2 {=/+/-/+}) (14.
a3 $2 Bxc3+ 15. bxc3 Qxc5 $15 {[%csl Ra3,Rc3]}) 14... Bxc3+ 15. bxc3 Qxc3+ {
It became already clear,that Black have decided all opening problems.} 16. Qxc3
Nxc3 17. f3 {><e4,/\Kd2} ({Recently was checked up another continuation (one
month later after this game):} 17. Bd3 Ke7 18. Kd2 Na4 19. h4 Rhc8 20. Rac1 Rc7
21. hxg5 hxg5 22. Rc2 Rbc8 23. Rhc1 Kf6 $11 {Bocharov,D-Smirnov,P/Moscow,2005
(1/2-1/2)(32)}) 17... Ke7 {The absolutely correct decision.It's necessary to
keep the king in the centre.} 18. Kd2 Na4 $11 19. Rc1 Rhc8 {Black want to
strengthen pressure on a <-> c (Rc7,Rbc8) ,therefore White should quickly
protect Pc5.} 20. Bd3 {/\Rc2,Rhc1.} Rc7 21. Rc2 Rbc8 22. Rhc1 h5 {The game of
Black corresponds to the requirements of a position.} 23. Na5 $5 {White have
created threat: 24.Nxb7 Rxb7 25.c6} Nxc5 {It was the last move in this game.
This game was important for the theory of this variant.} ({After:} 23... Nxc5 {
Ivan Sokolov is agreed for draw,because of next variants:} 24. Nxb7 Rxb7 (24...
Nxd3 $5 25. Rxc7 Nxc1 26. Rxc1 Rxc1 (26... Rb8 $143 27. Rc7 {[%csl Ra7,Rd7]
[%cal Gb7c5]} Rc8 28. Rxc8 Bxc8 29. Nc5 Kd6 30. Nb3 {+/=/=}) 27. Kxc1 Bb5 28.
Kd2 Bf1 29. g3 $11) 25. Rxc5 Rb2+ 26. R5c2 Rcxc2+ 27. Rxc2 Rxc2+ 28. Kxc2 Kd6
29. Kc3 Kc5 $11) ({I can not recommended in this position:} 23... Rxc5 $6 24.
Nxb7 Rxc2+ 25. Rxc2 {+/=/=}) 1/2-1/2

[Event "FRA-chT Top 16 GpA"]
[Site "Mulhouse"]
[Date "2005.02.04"]
[Round "1"]
[White "Lautier, Joel"]
[Black "Chuchelov, Vladimir"]
[Result "1-0"]
[WhiteElo "2678"]
[BlackElo "2571"]
[Annotator "Golod,V"]
[PlyCount "55"]
[EventDate "2005.02.04"]
[EventType "team"]
[EventRounds "7"]
[EventCountry "FRA"]
[SourceTitle "CBM 106"]
[Source "ChessBase"]
[SourceDate "2005.06.06"]
[SourceVersion "1"]
[SourceVersionDate "2005.06.06"]
[SourceQuality "1"]

1. d4 Nf6 2. c4 e6 3. Nc3 Bb4 4. Qc2 d5 5. cxd5 exd5 6. Bg5 h6 7. Bh4 c5 8.
dxc5 g5 9. Bg3 Ne4 10. e3 Qa5 11. Nge2 Bf5 12. Be5 $6 {Joel Lautier tries to
get an advantage in a variation, which is statistically bad for White.
Recently, a very important game was played in this position, in a bit
different variation:} (12. Bxb8 $5 Rxb8 13. Nd4 Bd7 $1 {After this very
important novelty Black equalized the position quite easily in the following
game: Sokolov,I-Van Wely,L/Wijk aan Zee,2005/CBM 105(1/2-1/2)(Golod,V)(23)})
12... O-O 13. Nd4 Nxc3 $5 {Comments to this part of the game and also to:} (
13... Re8 $5 {You can find in my annotations to game: Atalik,S-Short,N/
Sarajevo,2004/CBM 101(1/2-1/2)(Golod,V)(27)}) 14. Qxf5 ({This was weak:} 14.
Nxf5 $2 {in view of:} Ne4+ 15. Kd1 $140 Nc6 $1 {You can find this position in
6 other games. The games ended with a big advantage for Black (black won 5
games, and only one game ended in a draw).}) 14... Ne4+ 15. Ke2 $5 {It seems
that Joel prepared this idea even long before this game was played, because it
was practically impossible to guess that his opponent will choose this
variation.} (15. Kd1 Nc6 (15... Qa4+ $5 16. b3 $140 Qa5 $13 {now Black is
ready to invade the weak square "c3".}) 16. Nxc6 (16. Nb3 $2 Qa4 $140 17. Bd6
Na5 $40) 16... Qa4+ 17. b3 Qxc6 18. Bd3 Rfe8 19. Ke2 Qe6 (19... Qc8 $5) 20.
Qxe6 Rxe6 21. Bd4 $14 {Ivanov,S-Maki Uuro,M/Stockholm,2001(1-0)(45)}) 15...
Bxc5 $1 $146 {[%csl Re2][%cal Ga5d2] This novelty significantly strengthens
Black's game.} (15... Nc6 $143 16. Nxc6 Qa6+ 17. Kf3 Qxc6 18. Bd3 Bxc5 19. Bxe4
$2 (19. Rac1 $5 {with obvious advantage of White.}) 19... dxe4+ 20. Qxe4 {
[%tqu "En","Please find the move,which brings for Black a decisive advantage!",
"","","f7f6","",10]} f6 $3 (20... g4+ $2 21. Kf4 $16) 21. Qxc6 (21. Bg3 g4+ 22.
Kf4 Bd6+ 23. Kf5 Qb5+ 24. Kxg4 f5+) (21. Bc3 $144 g4+ 22. Kf4 Bd6+ 23. Kf5 Qb5+
$19) 21... fxe5+ 22. Ke4 bxc6 $19 {Relange,E-Emms,J/London,1994(0-1)(29)}) 16.
Nb3 (16. Kf3 $2 Bxd4 17. Bxd4 (17. exd4 Qd2 18. Be2 Nc6 19. Rhd1 Qxb2 $17)
17... Nc6 18. Bd3 Nxd4+ 19. exd4 Rae8 $17 {[%csl Rf3,Rf5][%cal Ge8e6,Ge6f6]})
16... Qa6+ 17. Kd1 $1 (17. Kf3 $6 Qe6 18. g4 Nc6 19. Bg3 Bd6 {Black isn't
worse.}) 17... Qa4 $4 {A painful blunder leading to very hard position.
Vladimir Chuchelov couldn't find the better continuation, which guaranteed him
an equal game:} (17... Qe6 $1 18. Qxe6 Nxf2+ 19. Ke1 fxe6 20. Nxc5 Nxh1 21.
Nxe6 Rf2 $1 {This is the only way to equalize the game.} (21... Re8 $6 22. Nc7
Rxe5 23. Nxa8 Rxe3+ 24. Kd2 (24. Be2 $5 d4 $140 25. Kf1 d3 26. Bf3 Nc6 27. Re1
$1 Rxe1+ 28. Kxe1 Nb4 29. Bxb7 $14) 24... Re7 {/\Nf2} (24... d4 $4 25. Bc4+)
25. Re1 $1 Nc6 26. Rxe7 Nxe7 27. Ke2 {and White traps the black knight,whereas
his own will run free!}) 22. Nc7 Nc6 23. Bg3 (23. Nxa8 $2 Nxe5 {[%csl Re3]
[%cal Gf2b2,Ge5g4]}) 23... Rxf1+ 24. Kxf1 Nxg3+ 25. hxg3 Rd8 26. Rd1 $11) 18.
f3 Nc6 {Anything else was even worse:} (18... Nf2+ $2 19. Ke1 Nxh1 20. Qf6 Bb4+
21. Nd2 Bxd2+ 22. Kxd2 Qa5+ 23. Bc3 $18) ({or} 18... Bxe3 19. fxe4 Qxe4 20.
Qxe4 (20. Qf6 Qh7) 20... dxe4 21. Ke2 Bb6 22. Rd1 Nc6 23. Bf6 {+/-/+-}) 19.
fxe4 Rfe8 $2 {It's very hard to suggest anything in this position. Perhaps
this:} (19... Bxe3 $5 20. exd5 Nxe5 21. Qxe5 Qg4+ (21... Rfe8 $143 22. Qf5 {
[%cal Yf1d3]}) 22. Be2 $8 Qxg2 23. Rf1 Rfe8 24. Qf5 Bf4 25. Bd3 Qxb2 26. Rb1
Qg7 27. Nd2 {+/-/+-}) (19... Nxe5 $2 20. Qxe5 Bxe3 21. exd5 Rfe8 22. Qf5 $18)
20. Bc3 Bxe3 21. exd5 $18 {Now White has an extra piece.Black can't create any
concrete threats to his opponent, furthermore, his king isn't placed any
better than his opponent's, and so the outcome of the game is very clear now.}
Nd4 22. Qf6 {/^a1-h8(עg8)} Re4 (22... Rad8 23. Bd3 Rxd5 24. Qxh6 {and from
the Bh7+ threat, there is no satisfying defense.}) 23. Bd3 Rf4 24. Qxh6 {
[%csl Rg8][%cal Gd3h7]} Rh4 25. Qf6 {Now "Rf4" won't be any good, because the
"g5" pawn is left undefended.} Rc8 (25... Qd7 26. Bxd4 Qg4+ 27. Qf3 Qxf3+ 28.
gxf3 Bxd4 29. Rb1 {this is resign able.}) 26. Rf1 Qd7 27. Nxd4 Rxd4 28. Bxd4 ({
After:} 28. Bxd4 {Black can only last a few short moves:} Qg4+ 29. Rf3 Bxd4 30.
Qxf7+ Kh8 31. Qh7#) 1-0

[Event "Chigorin Memorial 21st"]
[Site "St Petersburg"]
[Date "2013.10.11"]
[Round "7"]
[White "Matlakov, Maxim"]
[Black "Eljanov, Pavel"]
[Result "0-1"]
[WhiteElo "2682"]
[BlackElo "2729"]
[Annotator "Gormally,D"]
[PlyCount "58"]
[EventDate "2013.10.05"]
[EventType "swiss"]
[EventRounds "9"]
[EventCountry "RUS"]
[SourceTitle "CBM 157"]
[Source "ChessBase"]
[SourceDate "2013.11.12"]
[SourceVersion "1"]
[SourceVersionDate "2013.11.12"]
[SourceQuality "1"]

1. d4 Nf6 2. c4 e6 3. Nc3 Bb4 4. Qc2 d5 5. cxd5 exd5 6. Bg5 c5 7. dxc5 h6 8.
Bh4 O-O 9. e3 Be6 10. Nf3 Nbd7 11. Be2 Rc8 12. O-O Rxc5 13. Nd4 Qc8 14. Ndb5
Bxc3 15. Nxc3 Ne4 16. Be7 (16. Qa4 $5 Rxc3 17. bxc3 Nxc3 18. Qc2 Nxe2+ 19. Qxe2
Qc4 $1 {gives plenty of compensation for Black in the ending, after} 20. Qxc4
dxc4 21. Rfd1 Rc8 $13) 16... Nxc3 17. bxc3 Rxc3 18. Qa4 Re8 19. Bb4 Rc2 20. Bd3
Rc7 21. Qxa7 Ne5 22. Bb5 $2 {White should have sensed that leaving his
kingside so scarce of defenders, was always going to lead to trouble.} (22. Qd4
{was called for.}) 22... Bh3 $3 {Like lightning from a clear sky!, all of a
sudden the white king comes into mortal danger.} 23. Qd4 ({Already there is no
defence; preventing the queen's incursion to g4 simply allows Black to strike
from a different angle, for example} 23. f3 Rc2 $1 24. Rf2 (24. Bxe8 Rxg2+ 25.
Kh1 Qc2 {and mate inevitably follows}) 24... Rxf2 25. Kxf2 Qc2+ 26. Be2 Nd3+
27. Kf1 Bxg2+ {and it's curtains.}) (23. gxh3 Qxh3 24. f3 (24. Be2 Rc6 $1 {
also leads to a mating attack} 25. Kh1 Nf3 26. Bxf3 Qxf3+ 27. Kg1 Rg6#) 24...
Rc2 25. Rf2 Nxf3+ {with mate.}) (23. Kh1 Bxg2+ 24. Kxg2 Qg4+ 25. Kh1 Qf3+ 26.
Kg1 Re6 $19) (23. Be2 Rc2 24. Rfe1 (24. Bd1 Rc6 {is crushing}) 24... Rxe2 25.
Rxe2 Qg4) (23. f4 Rc2 24. Rf2 Rxf2 25. Kxf2 Qc2+ $19) 23... Nf3+ $1 24. gxf3
Re4 $1 {By a series of power moves, Black forces access to the enemy king.} 25.
Qxd5 (25. Qd1 Rxb4 {is just terrible for White - his king remains horribly
exposed.}) 25... Rxb4 26. Rfd1 Rxb5 $1 27. Qxb5 Rc5 {Finally, Black gains the
g-file.} 28. Rd8+ {A last desperate try.} Qxd8 29. Qxc5 Qf6 $1 {The sting in
the tail! A very nice final attack, perfectly executed by Black.} 0-1

[Event "Gibraltar Masters"]
[Site "Gibraltar"]
[Date "2007.01.30"]
[Round "7"]
[White "Gurevich, Mikhail"]
[Black "Kuzubov, Yuriy"]
[Result "1/2-1/2"]
[WhiteElo "2635"]
[BlackElo "2554"]
[Annotator "Gurevich,M"]
[PlyCount "82"]
[EventDate "2007.01.23"]
[EventType "swiss"]
[EventRounds "9"]
[EventCountry "ENG"]
[SourceTitle "CBM 116 Extra"]
[Source "ChessBase"]
[SourceDate "2007.03.07"]
[SourceVersion "1"]
[SourceVersionDate "2007.03.07"]
[SourceQuality "1"]

1. d4 Nf6 2. c4 e6 3. Nc3 Bb4 4. Qc2 d5 5. cxd5 exd5 6. Bg5 c5 7. dxc5 h6 8.
Bh4 (8. Bxf6 Qxf6 9. e3 O-O 10. Nge2 Na6 11. Nd4 Nxc5 12. Be2 Bxc3+ 13. bxc3
Bd7 14. O-O Ba4 15. Qb2 Rac8 16. Rac1 b6 17. c4 dxc4 18. Qb4 Bd7 19. Bxc4 $11 {
0-1 Gurevich,M (2648)-Brodsky,M (2566)/Hoogeveen 2006/EXT 2007 (56)}) 8... Nc6
9. e3 g5 10. Bg3 Ne4 11. Bd3 Nxg3 (11... Nxc3 12. bxc3 Qf6 13. Ne2 Bxc5 14. Nd4
Bd7 15. Rb1 Bb6 16. Qb3 Ne7 17. Nf3 O-O 18. h4 g4 19. Nd4 Nf5 20. Nxf5 Bxf5 21.
Bxf5 Qxf5 22. O-O Rac8 23. Rfd1 $14 {1-0 Timoscenko,G (2495)-Hagara,E (2383)/
Austria 2006/EXT 2007 (43)}) 12. hxg3 d4 13. exd4 Qxd4 14. Nge2 (14. O-O-O Qxc5
15. Nb5 Kf8 16. a3 Qxc2+ 17. Bxc2 Bc5 18. f3 Kg7 19. Ne2 Be6 20. Ned4 {1/2-1/2
Dorfman,J (2607)-Sokolov,A (2554)/Aix les Bains 2003/CBM 097}) 14... Qxc5 15.
a3 $5 (15. O-O Be6 16. a3 Bxc3 17. Nxc3 Nd4 18. Qa4+ Kf8 19. Ne4 Qb6 20. b4 Bb3
21. Qa5 Qxa5 22. bxa5 Nc6 23. Nc5 Nxa5 24. Be4 Re8 25. Bxb7 {1/2-1/2 Sulypa,A 
(2516)-Maksimovic,B (2464)/Kladovo 2001/CBM 083 ext}) 15... Bxc3+ 16. Qxc3
Qxc3+ 17. Nxc3 Be6 18. Bb5 $5 Rc8 19. Rd1 (19. f4 $5) 19... a6 20. Be2 Kf8 21.
Ne4 Kg7 22. Nc5 (22. f4 $5 gxf4 23. gxf4 Rhd8 24. Nd6 Rc7 25. Rd3 {i/\26.Rg3|^}
) 22... Rhe8 $1 23. O-O Bb3 24. Bg4 $1 (24. Rd2 Nd4 25. Rxd4 Rxc5 26. Bf3 Re7
$15) 24... Bxd1 25. Bxc8 Rxc8 (25... Be2 $5 26. Re1 (26. Bxb7 Bxf1 27. Kxf1 a5
$1 28. Bxc6 Rc8 $17) 26... Rxc8 27. Rxe2 Nd4 28. Re5 $11) 26. Rxd1 Rc7 27. f3
g4 $5 $11 28. Rd7 Rxd7 29. Nxd7 Na5 30. Nc5 Nc4 31. b3 Nxa3 32. Nxb7 gxf3 33.
gxf3 Nc2 34. Nc5 Nb4 35. Kf2 Kf6 36. f4 $6 (36. Ke3 Ke5 $11) 36... Kf5 37. Kf3
h5 38. Nb7 Nc2 39. Nc5 Nb4 40. Nb7 Nc2 41. Nc5 Nb4 1/2-1/2

[Event "St Stefan/Belgrade m"]
[Site "Belgrade"]
[Date "1992.??.??"]
[Round "10"]
[White "Spassky, Boris Vasilievich"]
[Black "Fischer, Robert James"]
[Result "1/2-1/2"]
[WhiteElo "2560"]
[BlackElo "2785"]
[Annotator "Hansen,Cu"]
[PlyCount "135"]
[EventDate "1992.09.??"]
[EventType "match"]
[EventRounds "30"]
[EventCountry "YUG"]
[SourceTitle "CBM 031"]
[Source "ChessBase"]
[SourceDate "1992.12.01"]
[SourceVersion "1"]
[SourceVersionDate "1992.12.01"]
[SourceQuality "1"]

1. d4 Nf6 2. c4 e6 3. Nc3 Bb4 4. Qc2 d5 5. cxd5 exd5 6. Bg5 h6 7. Bh4 (7. Bxf6
Qxf6 8. a3 Bxc3+ 9. Qxc3 O-O 10. e3) 7... c5 8. dxc5 Nc6 (8... d4 9. Rd1 Nc6
10. e3 $14) 9. e3 g5 10. Bg3 Qa5 (10... Ne4 11. Nf3 (11. Bb5 $5 Bf5 12. Qa4
$140 Nxc3 13. Qxb4 Nxb5 14. Qxb5 $14) 11... Qf6 12. Bb5 $1 (12. Rc1 Bf5 13. Bd3
h5 14. h4 g4 15. Ng5 Nxc3 16. bxc3 Qxc3+ 17. Qxc3 Bxd3 $10 {Gelfand-Balashov
USSR 1989}) 12... Nxc3 13. Bxc6+ bxc6 $2 (13... Qxc6 14. bxc3 Bxc5 15. O-O $14)
14. a3 $1 g4 15. Be5 Ne4+ 16. axb4 Qf5 17. Bxh8 gxf3 18. Rg1 $16 {
Kasparov-Spassky Linares 1990 (inf. 49/666)}) 11. Nf3 Ne4 12. Nd2 (12. Rc1 $6
Qxa2 $1) 12... Nxc3 (12... Bxc3 13. bxc3 Qxc3 14. Qxc3 Nxc3 15. f3 $14 {
Kortjnoj-Portisch OHRA 1990}) (12... Nxd2 13. Qxd2 Be6 14. Rc1 $6 (14. Bb5)
14... d4 $1 15. exd4 O-O-O $44 {Drasko-Maksimovic Jugoslavija 1991 (inf. 52/
558)}) 13. bxc3 Bxc3 14. Rb1 (14. Rc1 Bg7 15. Be2 Nb4 $132) 14... Qxc5 $1 (
14... a6 $2 15. Bd6 $16 {Glek-Juferov USSR 1989}) 15. Rb5 Qa3 $1 16. Rb3 $8 (
16. Rxd5 $2 Be6 (16... Nb4 17. Qe4+ Be6 18. Bb5+ Kf8 19. Bd6+ Kg8 $40) 17. Rd3
Nb4 $1 18. Qxc3 Nxd3+ 19. Qxd3 Qc1+ 20. Ke2 O-O 21. Nb3 Qb2+ 22. Qd2 Qb1 $17)
16... Bxd2+ 17. Qxd2 Qa5 18. Bb5 $2 (18. Qxa5 Nxa5 19. Rb5 Nc6 20. Rxd5 Be6 21.
Rd2 Rd8 22. Rb2 Rd7 23. Bb5 Ke7 $10) (18. Rc3 $5 Be6 19. Bd3 $44) 18... Qxd2+
19. Kxd2 Bd7 20. Bxc6 $6 $15 (20. h4 $6 Na5 $1 (20... O-O-O $2 21. hxg5 hxg5
22. Rc1 Be8 $8 23. Bd3 $16 {/\24.Bf5+ Bd7 25.Rxc6+!}) 21. Bxd7+ Kxd7 22. Rb5
Nc4+ 23. Kc3 Kc6 24. Rhb1 b6 $17) (20. Rc1 $5 {/\Rc5}) 20... Bxc6 21. h4 (21.
Be5 $5 Rg8 22. Bd4 Ke7 23. g4 $1 a6 24. h4 $132) 21... Ke7 22. Be5 f6 $1 23.
Bd4 g4 24. Rc1 Ke6 25. Rb4 h5 26. Rc3 (26. a3) 26... Rhc8 27. a4 b6 28. Kc2 Be8
$1 29. Kb2 Rxc3 30. Bxc3 Rc8 (30... Bg6 31. a5 bxa5 32. Rf4 $15) 31. e4 $6 (31.
Rf4 f5 32. Rb4 Rc4 33. Kb3 Rc7 34. Kb2 Bd7 35. Bd4 Bc8 36. a5 bxa5 37. Rb5 $10)
31... Bc6 (31... Rc4 32. exd5+ Kxd5 33. Rxc4 Kxc4 34. a5 b5 35. Bxf6 $10) 32.
exd5+ Bxd5 33. g3 Bc4 34. Bd4 Kd5 35. Be3 (35. Bxf6 $2 Rf8 $19) 35... Rc7 36.
Kc3 f5 37. Kb2 Ke6 {/\ Bd5-e4} (37... Ke4 38. Kc3) 38. Kc3 Bd5+ 39. Kb2 Be4 40.
a5 (40. Ka3 Rc2 41. Rb2 Rc3+ 42. Rb3) 40... bxa5 41. Rb5 a4 42. Rc5 $1 (42. Ra5
Rc2+ 43. Ka3 Bc6 44. Rxa7 Kd5 $17) 42... Rb7+ (42... Rxc5 43. Bxc5 $10) 43. Ka3
a6 44. Kxa4 (44. Ra5 Bd3) 44... Bd5 45. Ka5 Ke5 46. Kxa6 Rb3 47. Rc7 Ke4 48.
Rh7 Rxe3 49. fxe3 (49. Re7+ $2 Kf3 50. Rxe3+ Kxf2 51. Rc3 f4 $19) 49... Kxe3 (
49... Kf3 50. Rxh5 Be4 51. Rg5 Kxg3 52. h5 f4 53. exf4 Kxf4 54. Rg7 g3 55. h6
Kf3 56. h7 Bxh7 57. Rxh7 g2 58. Rg7 $10) 50. Rxh5 Be4 51. Rh8 Kf3 52. Re8 Kxg3
53. h5 Bd3+ 54. Kb6 (54. Ka5 $5 f4 55. Rd8 Bb1 56. Rb8 Bh7 57. Rh8 Bf5 58. Rf8
$10) 54... f4 55. Kc5 $1 $8 f3 56. Kd4 Bf5 $1 (56... f2 $2 57. Rf8 f1=Q 58.
Rxf1 Bxf1 59. h6 $18) 57. Rf8 Kf4 (57... Bc2 58. Ke3) 58. h6 g3 (58... f2 59.
h7 f1=Q 60. h8=Q Qa1+ 61. Kc5 Qxh8 62. Rxh8 g3 63. Rh1 $10) 59. h7 g2 60. h8=Q
g1=Q+ 61. Kc4 Qc1+ 62. Kb3 Qc2+ 63. Kb4 Qe4+ 64. Kc3 Qc6+ 65. Kb3 Qd5+ 66. Kc3
Qc5+ 67. Kb2 Qb4+ (67... f2 68. Qh4+ Kf3 69. Qh3+ Kf4 70. Qh4+ $10) 68. Ka2 (
68. Kc1 Qb1+ 69. Kd2 Qc2+ 70. Ke1 Qe2#) 1/2-1/2